101 Movie 'G' Words Quiz Stats

 Plays Quiz Updated Mar 12, 2018

Challenge
Share
Tweet
Embed
Score 0/101 Timer 11:00
6 Plays Today
% Correct
Grinch
86.6%
Gretel
86.3%
Gone
86.3%
Greek
86.1%
Good
85.6%
Great
85.3%
Grail
85.2%
Goblet
85.1%
Godfather
84.7%
Groundhog
84.1%
Guess
83.7%
Gadget
83.4%
Gotta
83.3%
Guardians
82.8%
Godzilla
81.7%
Greatest
81.7%
Gatsby
81.7%
Gilmore
81.4%
Gilbert
80.3%
Guys
80.2%
Girlfriend
80.2%
Gromit
80%
Geisha
79.9%
Golden
79.9%
Gangs
79.6%
Grapes
79.2%
God
79.1%
Gordon
79%
Grand
78.9%
Gentlemen
78.3%
Grimm
78%
Groove
77.8%
Grit
77.4%
Gold
77.4%
% Correct
Girl
77.3%
Grande
76.3%
Grumpy
76.1%
Going
75.6%
Guantanamo
75.3%
Goes
74.9%
Goats
73.2%
Goldmember
73.1%
Grows
73.1%
Gorillas
71.4%
Got
70.5%
Grosse
70.5%
Glen
70.1%
Galaxy
69.4%
Gunfight
68.9%
Guilty
67.6%
Giant
67%
Gate
66.5%
Garp
66.1%
Gremlins
65.3%
Gardener
62.9%
Gosford
62.2%
Get
61.9%
Graffiti
61.8%
Garden
59.8%
Grade
59.2%
Ginger
58.8%
Greenwich
56.7%
Goodnight
56.5%
General's
56%
Goodbye
55.9%
Game
54.9%
Gain
53.6%
Grams
53.2%
% Correct
Grave
53%
Go
49.7%
Glory
49.7%
Garrett
49%
Git
48%
Goodbar
47.7%
Ghost
47.1%
Glenda
43.4%
Gravity
42.5%
Giants
42.2%
Gilded
41.6%
Goofy
40.9%
Gab
39.2%
Gangster
38.5%
Gal
36.3%
Gale
35.3%
Green
34.3%
Genius
33.7%
Glass
32.8%
Guffman
32.2%
Goose
24.9%
Grandma's
21.3%
Germany
19.7%
Gift
18.3%
Guillotine
17.9%
Grey
16.8%
Guitar
16.7%
Gun
14.5%
Grass
14.2%
Grace
13.5%
Garter
12.6%
Guadalcanal
11.8%
Gallop
8.4%

You're not logged in!

Compare scores with friends on all Sporcle quizzes.
OR
Log In

You Might Also Like...

Show Comments

Extras

Top Quizzes Today


Score Distribution

Your Account Isn't Verified!

In order to create a playlist on Sporcle, you need to verify the email address you used during registration. Go to your Sporcle Settings to finish the process.

Report this User

Report this user for behavior that violates our Community Guidelines.

Details: